[Event "2BLO 1718 SG AE Magdeburg - Bindlach-Ak"]
[Site "?"]
[Date "2018.02.03"]
[Round "7.7"]
[White "Krensing, Jan"]
[Black "Lopez-Rojas, Jeffrey"]
[Result "1-0"]
[WhiteElo "2332"]
[BlackElo "2160"]
[PlyCount "75"]
[EventDate "2018.??.??"]

1. d4 g6 2. c4 b6 3. Nc3 Bg7 4. e4 d6 5. Nf3 e6 6. g3 Ne7 7. Bg2 Bb7 8. O-O O-O
9. Bf4 h6 10. Qe2 Nd7 11. Rad1 Qb8 12. h4 a6 13. Rfe1 Qa7 14. Bh3 Rad8 15. h5
Nf6 16. hxg6 Nxg6 17. Bc1 Qa8 18. Nh4 Nxh4 19. gxh4 c5 20. Kh2 Kh8 21. Rg1 Bxe4
22. Rxg7 Kxg7 23. Rg1+ Bg6 24. h5 cxd4 25. hxg6 fxg6 26. Qd3 g5 27. Qxd4 e5 28.
Qxb6 Qf3 29. Rg3 Qh5 30. Be3 Kh8 31. Nd5 Ne4 32. Rg4 Rb8 33. Qa7 Rxb2 34. Rxe4
Rf3 35. Qa8+ Kg7 36. Qa7+ Kh8 37. Qd7 Rb7 38. Qc8+ 1-0

[Event "2BLO 1718 SG AE Magdeburg - Bindlach-Ak"]
[Site "?"]
[Date "2018.02.03"]
[Round "7.8"]
[White "Rafayevych, Vilen"]
[Black "Wetscherek, Andreas"]
[Result "0-1"]
[WhiteElo "2083"]
[BlackElo "2335"]
[PlyCount "80"]
[EventDate "2018.??.??"]

1. c4 g6 2. Nc3 c5 3. g3 Bg7 4. Bg2 Nc6 5. Nf3 d6 6. O-O Bf5 7. d3 Qd7 8. Nd5
Nf6 9. Bd2 O-O 10. Bc3 e5 11. Ng5 Nxd5 12. cxd5 Ne7 13. Qb3 Rab8 14. a4 b6 15.
Qb5 Qc7 16. Qc4 h6 17. Nf3 Qc8 18. Nd2 a6 19. b4 Bg4 20. Rfe1 b5 21. axb5 Rxb5
22. Rac1 Bf5 23. Ne4 Bxe4 24. dxe4 cxb4 25. Bxb4 Qb8 26. Ba3 Rc8 27. Qa4 Qb6
28. Rxc8+ Nxc8 29. Bh3 Na7 30. Rc1 Bf8 31. Qc4 Rb3 32. Ra1 Rb1+ 33. Rxb1 Qxb1+
34. Kg2 Nb5 35. Bb4 Nd4 36. f3 Qd1 37. Bc8 Nxe2 38. Bxa6 Qg1+ 39. Kh3 Qf1+ 40.
Kg4 Be7 0-1

[Event "2BLO 1718 SK Weilheim - SC Forchheim"]
[Site "?"]
[Date "2018.02.04"]
[Round "8.1"]
[White "Jansa, Vlastimil"]
[Black "Luther, Thomas"]
[Result "1-0"]
[WhiteElo "2445"]
[BlackElo "2527"]
[PlyCount "81"]
[EventDate "2018.??.??"]

1. e4 e6 2. d4 d5 3. Nd2 c5 4. Ngf3 cxd4 5. exd5 Qxd5 6. Bc4 Qd6 7. O-O Nf6 8.
Nb3 Nc6 9. Nbxd4 Nxd4 10. Nxd4 a6 11. Re1 Bd7 12. g3 Be7 13. Bf4 Qc5 14. Bb3
Rd8 15. c3 O-O 16. Qf3 Bd6 17. Bxd6 Qxd6 18. Qxb7 e5 19. Nc2 a5 20. Ne3 a4 21.
Nc4 Qb8 22. Qxb8 Rxb8 23. Bd1 e4 24. Ne5 Be6 25. Bxa4 Rxb2 26. c4 h5 27. Reb1
Rd2 28. Rd1 Rb2 29. Bb5 Ng4 30. Nxg4 Bxg4 31. Rdb1 Rc2 32. Rc1 Rb2 33. Bc6 Bf3
34. a4 h4 35. a5 hxg3 36. hxg3 Rc8 37. Bd5 g5 38. a6 Kg7 39. Rc3 Rcb8 40. Rxf3
exf3 41. a7 1-0

[Event "2BLO 1718 SK Weilheim - SC Forchheim"]
[Site "?"]
[Date "2018.02.04"]
[Round "8.2"]
[White "Lehner, Oliver"]
[Black "Rupprecht, Andreas"]
[Result "1/2-1/2"]
[WhiteElo "2406"]
[BlackElo "2399"]
[PlyCount "22"]
[EventDate "2018.??.??"]

1. d4 Nf6 2. c4 g6 3. g3 Bg7 4. Bg2 c5 5. Nf3 Qa5+ 6. Bd2 Qb6 7. Nc3 cxd4 8.
Na4 Qd8 9. Nxd4 d5 10. cxd5 Nxd5 11. Nb3 O-O 1/2-1/2

[Event "2BLO 1718 SK Weilheim - SC Forchheim"]
[Site "?"]
[Date "2018.02.04"]
[Round "8.3"]
[White "Heidrich, Manfred"]
[Black "Bayer, Bernhard"]
[Result "1/2-1/2"]
[WhiteElo "2358"]
[BlackElo "2420"]
[PlyCount "75"]
[EventDate "2018.??.??"]

1. e4 c6 2. d4 d5 3. Nd2 dxe4 4. Nxe4 Bf5 5. Ng3 Bg6 6. h4 h6 7. Nf3 Nd7 8. h5
Bh7 9. Bd3 Bxd3 10. Qxd3 Ngf6 11. Bd2 e6 12. Ne4 Nxe4 13. Qxe4 Nf6 14. Qe2 Qd5
15. c4 Qe4 16. Qxe4 Nxe4 17. Be3 Be7 18. Ne5 Bf6 19. Rd1 Rd8 20. g4 c5 21. f4
cxd4 22. Rxd4 Rxd4 23. Bxd4 O-O 24. Rh2 Rd8 25. Be3 Be7 26. Rc2 f5 27. gxf5
exf5 28. c5 a5 29. c6 bxc6 30. Nxc6 Re8 31. Nxe7+ Rxe7 32. Ke2 Kh7 33. Kf3 Rd7
34. Rc4 Nd2+ 35. Bxd2 Rxd2 36. Ra4 Rxb2 37. Rxa5 Rh2 38. Rxf5 1/2-1/2

[Event "2BLO 1718 SK Weilheim - SC Forchheim"]
[Site "?"]
[Date "2018.02.04"]
[Round "8.4"]
[White "Guttenthaler, Franz"]
[Black "Schulz, Lukas"]
[Result "1/2-1/2"]
[WhiteElo "2324"]
[BlackElo "2243"]
[PlyCount "37"]
[EventDate "2018.??.??"]

1. d4 Nf6 2. c4 g6 3. Nc3 Bg7 4. e4 d6 5. Nf3 O-O 6. Be2 Nbd7 7. Be3 e5 8. d5
Ne8 9. g4 Nc5 10. g5 a5 11. h4 f5 12. Nd2 Bd7 13. f3 f4 14. Bf2 h6 15. Rg1 hxg5
16. hxg5 Kf7 17. b3 Rh8 18. a3 Rh5 19. b4 1/2-1/2

[Event "2BLO 1718 SK Weilheim - SC Forchheim"]
[Site "?"]
[Date "2018.02.04"]
[Round "8.5"]
[White "Doeres, Hans-Juergen"]
[Black "Deglmann, Ludwig"]
[Result "1/2-1/2"]
[WhiteElo "2209"]
[BlackElo "2277"]
[PlyCount "20"]
[EventDate "2018.??.??"]

1. d4 e6 2. Nf3 Nf6 3. c4 Nc6 4. Nc3 Bb4 5. e3 O-O 6. Bd3 d5 7. O-O a6 8. Qc2
dxc4 9. Bxc4 Bd6 10. h3 e5 1/2-1/2

[Event "2BLO 1718 SK Weilheim - SC Forchheim"]
[Site "?"]
[Date "2018.02.04"]
[Round "8.6"]
[White "Pierecker, Markus"]
[Black "Bade, Joern"]
[Result "1/2-1/2"]
[WhiteElo "2197"]
[BlackElo "2257"]
[PlyCount "56"]
[EventDate "2018.??.??"]

1. e4 d6 2. d4 Nf6 3. Nc3 g6 4. f3 c6 5. Be3 b5 6. Qd2 Nbd7 7. O-O-O Nb6 8. Bg5
Bg7 9. e5 dxe5 10. dxe5 Qxd2+ 11. Bxd2 Nfd5 12. Nxd5 Nxd5 13. f4 g5 14. fxg5
Bxe5 15. Nf3 Bg7 16. Bd3 Bg4 17. Rde1 Bxf3 18. gxf3 h6 19. h4 hxg5 20. hxg5 Kd7
21. c3 Rxh1 22. Rxh1 Rh8 23. Rxh8 Bxh8 24. Kc2 Be5 25. Be4 Kd6 26. Kd3 Nf4+ 27.
Bxf4 Bxf4 28. g6 fxg6 1/2-1/2

[Event "2BLO 1718 SK Weilheim - SC Forchheim"]
[Site "?"]
[Date "2018.02.04"]
[Round "8.7"]
[White "Wagner, Robert"]
[Black "de Francesco, Klaus"]
[Result "1/2-1/2"]
[WhiteElo "2066"]
[BlackElo "2301"]
[PlyCount "80"]
[EventDate "2018.??.??"]

1. d4 Nf6 2. c4 e6 3. Nc3 Bb4 4. Qc2 b6 5. e4 c5 6. d5 Qe7 7. Be2 Bxc3+ 8. bxc3
e5 9. Bd3 d6 10. Ne2 Nbd7 11. O-O Nf8 12. Rb1 Ng6 13. a4 O-O 14. a5 Rb8 15. Bg5
h6 16. Bxf6 Qxf6 17. Rb2 Qg5 18. Rfb1 Bg4 19. axb6 axb6 20. Rxb6 Rxb6 21. Rxb6
Bxe2 22. Bxe2 Nf4 23. Bf1 Rd8 24. g3 Ng6 25. Qb2 Nf8 26. Bh3 h5 27. Bf5 h4 28.
Ra6 hxg3 29. hxg3 g6 30. Bh3 Qf6 31. Qb7 Nh7 32. Ra7 Ng5 33. Bg2 Kg7 34. Qe7
Nh7 35. Bh3 Rb8 36. Qxf6+ Nxf6 37. f3 Kf8 38. Ra6 Rb1+ 39. Kf2 Rb2+ 40. Ke3 Ke7
1/2-1/2

[Event "2BLO 1718 SK Weilheim - SC Forchheim"]
[Site "?"]
[Date "2018.02.04"]
[Round "8.8"]
[White "Wiesinger, Robert"]
[Black "Seyb, Dieter"]
[Result "1/2-1/2"]
[WhiteElo "2238"]
[BlackElo "2190"]
[PlyCount "22"]
[EventDate "2018.??.??"]

1. e4 e6 2. d4 d5 3. Nc3 Nf6 4. e5 Nfd7 5. f4 c5 6. Nf3 Nc6 7. Be3 cxd4 8. Nxd4
Qb6 9. Qd2 Qxb2 10. Rb1 Qa3 11. Bb5 Nxd4 1/2-1/2

[Event "2BLO 1718 BCA Augsburg - SC Erlangen"]
[Site "?"]
[Date "2018.02.04"]
[Round "8.1"]
[White "Klek, Hanna Marie"]
[Black "Prusikin, Michael"]
[Result "0-1"]
[WhiteElo "2349"]
[BlackElo "2506"]
[PlyCount "64"]
[EventDate "2018.??.??"]

1. e4 c6 2. Nc3 d5 3. Nf3 Bg4 4. h3 Bxf3 5. Qxf3 Nf6 6. d3 e6 7. Bd2 Qb6 8.
O-O-O d4 9. Ne2 c5 10. e5 Nd5 11. Nf4 Nb4 12. Bxb4 cxb4 13. g3 Nc6 14. Bg2 g6
15. Qe2 Bh6 16. Kb1 Bxf4 17. gxf4 O-O-O 18. Qd2 Ne7 19. Rde1 Kb8 20. Ka1 Rd7
21. Re2 Rc8 22. Rb1 Rc5 23. b3 a5 24. Kb2 Nc8 25. Ra1 a4 26. bxa4 Rc3 27. Rb1
Qa5 28. Ka1 Nb6 29. Rb3 Nxa4 30. Re1 Rdc7 31. Rc1 Nc5 32. Rbb1 b3 0-1

[Event "2BLO 1718 BCA Augsburg - SC Erlangen"]
[Site "?"]
[Date "2018.02.04"]
[Round "8.2"]
[White "Nestorovic, Nikola"]
[Black "Wenninger, Philipp"]
[Result "1-0"]
[WhiteElo "2504"]
[BlackElo "2376"]
[PlyCount "91"]
[EventDate "2018.??.??"]

1. e4 c6 2. d4 d5 3. e5 Bf5 4. g4 Be4 5. f3 Bg6 6. h4 h5 7. Nh3 hxg4 8. Nf4 e6
9. Nxg6 fxg6 10. Qd3 gxf3 11. Qxg6+ Kd7 12. Bg5 Ne7 13. Qf7 Qb6 14. Nd2 Qxd4
15. O-O-O Na6 16. Nb3 Qxe5 17. Bxa6 Qf5 18. Qxf5 Nxf5 19. Bxb7 Rb8 20. Ba6 Bd6
21. Rh3 Ng3 22. Rg1 c5 23. Nxc5+ Bxc5 24. Rgxg3 f2 25. Be3 Bxe3+ 26. Rxe3 Rbf8
27. Bf1 Rf4 28. h5 Rf5 29. Kd2 Kd6 30. Ra3 Ke5 31. Rxa7 g5 32. Re3+ Kf6 33. Ra6
Re5 34. Rxe5 Kxe5 35. Ke2 Rxh5 36. Kxf2 Rh2+ 37. Bg2 Rh7 38. Rb6 d4 39. a4 Ra7
40. b3 Rc7 41. Rc6 Rf7+ 42. Kg3 Rd7 43. Rc5+ Kf6 44. Be4 e5 45. a5 g4 46. a6
1-0

[Event "2BLO 1718 BCA Augsburg - SC Erlangen"]
[Site "?"]
[Date "2018.02.04"]
[Round "8.3"]
[White "Hilverda, Alexander"]
[Black "Arnaudov, G. Petar"]
[Result "1/2-1/2"]
[WhiteElo "2362"]
[BlackElo "2448"]
[PlyCount "115"]
[EventDate "2018.??.??"]

1. d4 Nf6 2. c4 e6 3. g3 d5 4. Nf3 Be7 5. Bg2 O-O 6. O-O dxc4 7. Qc2 b6 8. Qxc4
Bb7 9. Nc3 a6 10. Bg5 b5 11. Qd3 c5 12. Bxf6 Bxf6 13. dxc5 Nd7 14. c6 Bxc6 15.
Ng5 Bxg5 16. Bxc6 Nc5 17. Qxd8 Raxd8 18. b4 Rc8 19. Bxb5 axb5 20. bxc5 Rxc5 21.
Ne4 Re5 22. Nxg5 Rxg5 23. Rfc1 Rd5 24. e4 Rd4 25. Rc5 b4 26. e5 g5 27. Rac1 Kg7
28. h3 h5 29. R1c4 Rfd8 30. g4 hxg4 31. hxg4 R8d5 32. Kg2 Kg6 33. Rxd4 Rxd4 34.
Kg3 Kg7 35. Ra5 Rc4 36. Ra4 Kg6 37. f3 Rc2 38. Rxb4 Rxa2 39. Re4 Rd2 40. Re3
Kg7 41. Re4 Kf8 42. Re3 Rd4 43. Rc3 Rd5 44. Re3 Rd2 45. f4 gxf4+ 46. Kxf4 Kg7
47. Kg5 Rd4 48. Re2 Ra4 49. Re3 Ra1 50. Re2 Rf1 51. Re3 Kf8 52. Re4 Ke7 53. Ra4
Re1 54. Ra5 Kf8 55. Rb5 Kg7 56. Ra5 Re2 57. Rb5 Re1 58. Ra5 1/2-1/2

[Event "2BLO 1718 BCA Augsburg - SC Erlangen"]
[Site "?"]
[Date "2018.02.04"]
[Round "8.4"]
[White "Pitl, Gregory"]
[Black "Miller, Eduard"]
[Result "1-0"]
[WhiteElo "2393"]
[BlackElo "2334"]
[PlyCount "131"]
[EventDate "2018.??.??"]

1. d4 Nf6 2. c4 e5 3. dxe5 Ng4 4. Bf4 Nc6 5. Nf3 Bb4+ 6. Nbd2 Qe7 7. e3 Ngxe5
8. Nxe5 Nxe5 9. Be2 d6 10. O-O Bd7 11. Nf3 f6 12. a3 Bc5 13. b4 Bb6 14. Rc1 c5
15. Qd2 Be6 16. Rfd1 Bc7 17. Qb2 b6 18. Nd2 O-O 19. Ne4 Rab8 20. Bg3 f5 21.
Nxd6 Nc6 22. Nb5 Bxg3 23. hxg3 a6 24. Nc3 cxb4 25. Nd5 Bxd5 26. cxd5 bxa3 27.
Qa2 Na5 28. d6+ Qf7 29. Qxa3 Rfd8 30. Bxa6 Qf6 31. Qb4 h6 32. Rd5 Nb7 33. d7
Nc5 34. Bb5 Kh8 35. Qd4 Ne4 36. Bd3 Qxd4 37. Rxd4 Nc5 38. Rd5 Nxd3 39. Rxd3 b5
40. Kf1 b4 41. Ke2 b3 42. Kf3 b2 43. Rb1 Rb4 44. Rd2 g5 45. Rbxb2 g4+ 46. Ke2
Rxb2 47. Rxb2 Rxd7 48. Rb5 Rf7 49. Rb4 Kg7 50. Rf4 h5 51. e4 Re7 52. Rxf5 Rxe4+
53. Kd3 Ra4 54. Rxh5 Ra2 55. Ke3 Kg6 56. Rd5 Ra3+ 57. Rd3 Ra2 58. Rd4 Kf5 59.
Rf4+ Kg5 60. f3 Ra3+ 61. Kf2 Ra2+ 62. Kg1 gxf3 63. gxf3 Ra1+ 64. Kg2 Ra2+ 65.
Kh3 Rf2 66. Rf8 1-0

[Event "2BLO 1718 BCA Augsburg - SC Erlangen"]
[Site "?"]
[Date "2018.02.04"]
[Round "8.5"]
[White "Ott, Florian"]
[Black "Stankovic, Milos"]
[Result "1-0"]
[WhiteElo "2315"]
[BlackElo "2409"]
[PlyCount "127"]
[EventDate "2018.??.??"]

1. d4 Nf6 2. Nf3 g6 3. Bg5 Bg7 4. Nbd2 O-O 5. c3 h6 6. Bh4 d6 7. e4 c5 8. dxc5
dxc5 9. Qc2 Nc6 10. Rd1 Be6 11. Nc4 Qc8 12. Ne3 Rd8 13. Rxd8+ Qxd8 14. Bc4 Bxc4
15. Nxc4 b5 16. Ne3 Qa5 17. e5 Nh7 18. a4 bxa4 19. O-O e6 20. Ra1 Qb5 21. Qxa4
Qxb2 22. Rd1 Qb7 23. Nc4 Rb8 24. h3 Qb3 25. Qxb3 Rxb3 26. Rd3 g5 27. Bg3 Nd4
28. Nxd4 cxd4 29. Rxd4 Rxc3 30. Rd8+ Nf8 31. Nd6 Rc5 32. f4 gxf4 33. Bxf4 h5
34. Ra8 a5 35. Nb7 Rc4 36. g3 h4 37. Nd6 Rc5 38. Ne4 Rxe5 39. Bxe5 Bxe5 40.
gxh4 Kg7 41. Rxa5 f6 42. Ra6 Kh6 43. Nd2 Bf4 44. Nf3 Kg6 45. Kg2 e5 46. h5+ Kf5
47. Ra8 Ne6 48. Rg8 Be3 49. Nh4+ Ke4 50. Rg4+ Kd3 51. Kf1 Nd4 52. Rg3 f5 53. h6
f4 54. Rf3 e4 55. h7 exf3 56. h8=Q f2 57. Qh7+ Kc3 58. Qe4 Nc2 59. Nf3 Bc5 60.
Qe5+ Kb4 61. Qxf4+ Kb5 62. Ke2 Ne3 63. Qb8+ Kc4 64. Kxf2 1-0

[Event "2BLO 1718 BCA Augsburg - SC Erlangen"]
[Site "?"]
[Date "2018.02.04"]
[Round "8.6"]
[White "Schmittdiel, Eckhard"]
[Black "Merkert, Maximilian"]
[Result "1-0"]
[WhiteElo "2433"]
[BlackElo "2243"]
[PlyCount "131"]
[EventDate "2018.??.??"]

1. c4 Nc6 2. d4 e5 3. d5 Bb4+ 4. Nd2 Nce7 5. a3 Bxd2+ 6. Qxd2 d6 7. b4 Nf6 8.
g3 O-O 9. Bg2 Bf5 10. Bb2 Qd7 11. f3 h6 12. e4 Bg6 13. Ne2 Nh7 14. g4 f6 15.
Ng3 Rf7 16. O-O Nf8 17. Qf2 Qa4 18. Rfc1 b6 19. h4 c5 20. dxc6 Nxc6 21. Ne2 Ne6
22. Nc3 Qb3 23. Nd5 Ncd4 24. f4 Bh7 25. f5 Nd8 26. Bxd4 exd4 27. Qxd4 Qg3 28.
Qf2 Qe5 29. Nf4 Rc8 30. Nd3 Qe8 31. e5 fxe5 32. Bd5 Kh8 33. Bxf7 Qxf7 34. c5
bxc5 35. bxc5 Rc6 36. cxd6 Rxd6 37. Nxe5 Qf6 38. Qf4 Rd5 39. Nf3 Bg8 40. Re1
Qb6+ 41. Qe3 Qd6 42. Ne5 Nc6 43. Nxc6 Rd3 44. Qe4 Qc5+ 45. Kf1 Rd2 46. Re3 Bd5
47. Qe8+ Kh7 48. Nb4 Bc4+ 49. Ke1 Rg2 50. g5 Qxf5 51. Qe4 Rg1+ 52. Kd2 Qxe4 53.
Rxe4 Rxa1 54. Nc2 Bd5 55. Rd4 Rh1 56. Rxd5 Rxh4 57. gxh6 Kxh6 58. Ra5 Rh2+ 59.
Kd3 g5 60. Ra6+ Kh5 61. Rxa7 Rf2 62. Ra5 Rf4 63. Nd4 Rf1 64. Ne6 Rg1 65. a4 Kh4
66. Nxg5 1-0

[Event "2BLO 1718 BCA Augsburg - SC Erlangen"]
[Site "?"]
[Date "2018.02.04"]
[Round "8.7"]
[White "Liepold, Stefan"]
[Black "Kukov, Velislav"]
[Result "0-1"]
[WhiteElo "2152"]
[BlackElo "2398"]
[PlyCount "71"]
[EventDate "2018.??.??"]

1. e4 d5 2. exd5 Qxd5 3. Nc3 Qd8 4. d4 Nf6 5. Nf3 Bg4 6. h3 Bxf3 7. Qxf3 c6 8.
Qd1 e6 9. Be2 Nbd7 10. O-O Bd6 11. Re1 O-O 12. Be3 Nd5 13. Qd2 N7f6 14. Bg5 Bb4
15. Bd3 Qa5 16. Bxf6 Nxf6 17. a3 Bxc3 18. bxc3 Nd5 19. Rab1 b5 20. Rb3 Rfd8 21.
Qg5 Rd7 22. Qh4 g6 23. Qh6 Qd8 24. c4 bxc4 25. Bxc4 Nb6 26. Ba6 Rxd4 27. Bb7
Rb8 28. Bxc6 Rc8 29. Be4 Na4 30. Rd3 Nc5 31. Rxd4 Qxd4 32. Bf3 Qa4 33. Qe3 Nd7
34. Qb3 Qa5 35. Rd1 Nb6 36. Be4 0-1

[Event "2BLO 1718 BCA Augsburg - SC Erlangen"]
[Site "?"]
[Date "2018.02.04"]
[Round "8.8"]
[White "Lipok, Christoph"]
[Black "Tong, Kevin"]
[Result "0-1"]
[WhiteElo "2280"]
[BlackElo "2181"]
[PlyCount "180"]
[EventDate "2018.??.??"]

1. d4 d5 2. c4 c6 3. Nf3 Nf6 4. e3 Bg4 5. h3 Bh5 6. g4 Bg6 7. Ne5 Nbd7 8. Nxg6
hxg6 9. cxd5 cxd5 10. Nc3 e6 11. Bd2 a6 12. Bd3 Bd6 13. Qf3 Nb6 14. g5 Ng8 15.
h4 Rc8 16. O-O-O Nc4 17. h5 Rxh5 18. Rxh5 gxh5 19. Qxh5 Qb6 20. Bxc4 Rxc4 21.
Qh8 Kf8 22. Rh1 Qd8 23. e4 Rxd4 24. Be3 Rc4 25. Rh7 Be5 26. f4 Qc7 27. fxe5
Qxe5 28. Bd2 d4 29. Kd1 dxc3 30. Bxc3 Rxc3 31. bxc3 Qxc3 32. Rh2 Qa1+ 33. Ke2
Qxa2+ 34. Kf3 Qa3+ 35. Kg4 Qe3 36. Rg2 Qxe4+ 37. Kh3 a5 38. Qh4 Qxh4+ 39. Kxh4
Ne7 40. Rb2 Nf5+ 41. Kg4 Nd6 42. Kf4 e5+ 43. Kf3 Ke7 44. Ra2 b6 45. Ke3 b5 46.
Kd3 a4 47. Kc3 f5 48. gxf6+ gxf6 49. Kb4 f5 50. Kc5 Ke6 51. Rh2 Ne4+ 52. Kxb5
f4 53. Kc4 Ng3 54. Ra2 e4 55. Kd4 Kf5 56. Rb2 Kg4 57. Ra2 Kf3 58. Rxa4 Ne2+ 59.
Ke5 e3 60. Ra3 Ng1 61. Kf5 Nh3 62. Rb3 Kf2 63. Kg4 f3 64. Kxh3 e2 65. Kg4 e1=Q
66. Rxf3+ Ke2 67. Rf5 Qg1+ 68. Kf4 Qd4+ 69. Kg5 Ke3 70. Rf6 Qe5+ 71. Kg6 Ke4
72. Kf7 Qd5+ 73. Kg6 Qg8+ 74. Kh5 Qh7+ 75. Kg5 Ke5 76. Ra6 Qf5+ 77. Kh6 Qf1 78.
Rg6 Qf8+ 79. Kg5 Qf2 80. Kh6 Qh4+ 81. Kg7 Kf5 82. Ra6 Qd4+ 83. Kh7 Qc4 84. Rg6
Qf7+ 85. Rg7 Qh5+ 86. Kg8 Kf6 87. Ra7 Qd5+ 88. Kh7 Qh1+ 89. Kg8 Qg1+ 90. Rg7
Qxg7# 0-1

[Event "2BLO 1718 Nickelhütte Aue - SG AE Magde"]
[Site "?"]
[Date "2018.02.04"]
[Round "8.1"]
[White "Woellermann, Jan"]
[Black "Papp, Gabor"]
[Result "0-1"]
[WhiteElo "2375"]
[BlackElo "2599"]
[PlyCount "88"]
[EventDate "2018.??.??"]

1. d4 Nf6 2. c4 e6 3. Nc3 Bb4 4. Bg5 c5 5. d5 d6 6. e3 exd5 7. cxd5 Nbd7 8. Bd3
Bxc3+ 9. bxc3 Qa5 10. Ne2 Nxd5 11. O-O Nxc3 12. Nxc3 Qxc3 13. Bb5 h6 14. Qxd6
hxg5 15. Rad1 Qb2 16. Bxd7+ Bxd7 17. Qxd7+ Kf8 18. Qd6+ Kg8 19. Qxc5 Qxa2 20.
Ra1 Qe6 21. Rxa7 Rxa7 22. Qxa7 b6 23. h3 Rh6 24. Rd1 Rf6 25. Qa8+ Kh7 26. Rd8
Qf5 27. f3 Qe5 28. Rh8+ Kg6 29. Re8 Re6 30. Rxe6+ Qxe6 31. Kf2 b5 32. Qb7 Qc4
33. Kg3 b4 34. f4 gxf4+ 35. exf4 b3 36. Qb6+ Kh7 37. Qd8 Qb5 38. Qh4+ Kg6 39.
Qg4+ Kh6 40. f5 Qe5+ 41. Kf3 Qf6 42. Qf4+ Kh7 43. Ke2 b2 44. Qb4 Qg5 0-1

[Event "2BLO 1718 Nickelhütte Aue - SG AE Magde"]
[Site "?"]
[Date "2018.02.04"]
[Round "8.2"]
[White "Antal, Gergely"]
[Black "Paul, Johannes"]
[Result "1-0"]
[WhiteElo "2531"]
[BlackElo "2293"]
[PlyCount "53"]
[EventDate "2018.??.??"]

1. c4 c5 2. g3 g6 3. Bg2 Bg7 4. Nc3 Nc6 5. a3 e6 6. b4 Nxb4 7. axb4 cxb4 8. d4
bxc3 9. e3 Ne7 10. Ne2 d5 11. cxd5 Nxd5 12. Ba3 Bf8 13. Bxf8 Kxf8 14. Qb3 c2
15. O-O a5 16. Qxc2 Kg7 17. Rfb1 Ra6 18. Nf4 Nb4 19. Qc5 g5 20. Nh5+ Kg6 21. g4
Nd5 22. h3 Rf8 23. Bxd5 exd5 24. Rxa5 Rxa5 25. Rb6+ Be6 26. Qxa5 Qc8 27. Qxd5
1-0

[Event "2BLO 1718 Nickelhütte Aue - SG AE Magde"]
[Site "?"]
[Date "2018.02.04"]
[Round "8.3"]
[White "Melamed, Tatjana"]
[Black "Meijers, Viesturs"]
[Result "1/2-1/2"]
[WhiteElo "2356"]
[BlackElo "2476"]
[PlyCount "28"]
[EventDate "2018.??.??"]

1. e4 e5 2. Nf3 Nf6 3. Nxe5 d6 4. Nf3 Nxe4 5. d4 d5 6. Bd3 Nc6 7. O-O Be7 8.
Nc3 Nxc3 9. bxc3 O-O 10. Rb1 b6 11. Re1 h6 12. Bf4 Bg4 13. h3 Bh5 14. Qe2 Bd6
1/2-1/2

[Event "2BLO 1718 Nickelhütte Aue - SG AE Magde"]
[Site "?"]
[Date "2018.02.04"]
[Round "8.4"]
[White "Slobodjan, Roman"]
[Black "Andre, Gordon"]
[Result "1-0"]
[WhiteElo "2475"]
[BlackElo "2307"]
[PlyCount "85"]
[EventDate "2018.??.??"]

1. e4 c6 2. d4 d5 3. exd5 cxd5 4. Bd3 Nc6 5. c3 Nf6 6. Bf4 e6 7. Nf3 Nh5 8. Bg3
Nxg3 9. hxg3 g6 10. Nbd2 Bg7 11. Nf1 O-O 12. Qd2 Re8 13. Ne3 e5 14. dxe5 Nxe5
15. Bb5 Bd7 16. Bxd7 Qxd7 17. Nxe5 Rxe5 18. O-O-O Qa4 19. Kb1 Rd8 20. Rh4 Qe8
21. Qd3 Qe6 22. Rb4 Bh6 23. Ng4 Bf8 24. Rd4 Re2 25. Qf3 Bg7 26. R4d3 d4 27. Ne3
Rxb2+ 28. Kxb2 dxc3+ 29. Kc1 Rxd3 30. Rxd3 Qxa2 31. Rd8+ Bf8 32. Qxb7 Qxf2 33.
Nd1 Qc5 34. Qc8 Qa3+ 35. Kc2 Qa2+ 36. Kxc3 Kg7 37. Qd7 Qa3+ 38. Kc2 Be7 39. Re8
Bf6 40. Ne3 Qc3+ 41. Kd1 a5 42. Ke2 Qb3 43. Re4 1-0

[Event "2BLO 1718 Nickelhütte Aue - SG AE Magde"]
[Site "?"]
[Date "2018.02.04"]
[Round "8.5"]
[White "Schoene, Maria"]
[Black "Gaponenko, Inna"]
[Result "0-1"]
[WhiteElo "2222"]
[BlackElo "2410"]
[PlyCount "134"]
[EventDate "2018.??.??"]

1. e4 c5 2. Nf3 Nc6 3. d4 cxd4 4. Nxd4 Nf6 5. Nc3 d6 6. Bg5 e6 7. Qd2 Be7 8.
O-O-O O-O 9. f3 Nxd4 10. Qxd4 a6 11. Qd2 b5 12. Be3 Bb7 13. Kb1 Nd7 14. h4 Ne5
15. Bg5 f6 16. Be3 Rc8 17. Bd3 Re8 18. Ne2 Bf8 19. Nf4 Qc7 20. Qf2 Nxd3 21.
Rxd3 Qf7 22. h5 f5 23. exf5 Qxf5 24. Qg3 e5 25. Ne2 d5 26. Bc1 d4 27. Qg5 Qxg5
28. Bxg5 e4 29. fxe4 Bxe4 30. Rd2 Bxg2 31. Rg1 Bf3 32. Nf4 Rc5 33. b4 Rc4 34.
a3 Be4 35. Bf6 Kf7 36. Bxd4 Bxc2+ 37. Rxc2 Rxd4 38. Rf2 Kg8 39. h6 Re5 40. hxg7
Bxg7 41. Rfg2 Rd7 42. Kc2 Rde7 43. Rg3 Kf8 44. Nd3 Re2+ 45. Kd1 Ra2 46. Nc5 Bf6
47. R1g2 Ra1+ 48. Kc2 h5 49. Rd2 Ra2+ 50. Kd1 Rxd2+ 51. Kxd2 h4 52. Rf3 Kg7 53.
Nxa6 Bg5+ 54. Kd3 Kg6 55. Nc5 Rh7 56. Ne4 h3 57. Nxg5 Kxg5 58. Kd4 Kg4 59. Rf1
Rh5 60. Kc3 h2 61. Rh1 Kg3 62. a4 bxa4 63. Kb2 Kg2 64. Rxh2+ Rxh2 65. Ka3 Kf3
66. Kxa4 Ke4 67. Kb5 Kd5 0-1

[Event "2BLO 1718 Nickelhütte Aue - SG AE Magde"]
[Site "?"]
[Date "2018.02.04"]
[Round "8.6"]
[White "Spiess, Gunter"]
[Black "Biastoch, Bennet"]
[Result "0-1"]
[WhiteElo "2428"]
[BlackElo "2131"]
[PlyCount "106"]
[EventDate "2018.??.??"]

1. d4 d5 2. c4 c6 3. Nc3 Nf6 4. e3 e6 5. Nf3 Nbd7 6. Qc2 Bd6 7. Bd3 O-O 8. O-O
dxc4 9. Bxc4 b5 10. Bd3 Bb7 11. Ng5 h6 12. Nge4 Bc7 13. f4 Qe7 14. Bd2 a6 15.
b4 Nd5 16. a3 Bb6 17. Nc5 Nxc5 18. dxc5 Bc7 19. e4 Nxc3 20. Bxc3 e5 21. f5 Qf6
22. a4 Rfd8 23. Rfd1 Qe7 24. axb5 axb5 25. Qe2 Rxa1 26. Rxa1 Bb8 27. Bc2 Rd7
28. Rf1 Qf6 29. g3 Bc7 30. h4 Rd8 31. Kh2 Ra8 32. Bb3 Rd8 33. Kh3 Ra8 34. Rf3
Ra3 35. Qb2 Ra8 36. Rd3 Qe7 37. Qd2 Bc8 38. g4 Kh7 39. Kg3 f6 40. Bb2 Ra7 41.
Kg2 Bb8 42. Rd8 Rd7 43. Qxd7 Bxd7 44. Bg8+ Kh8 45. Rxb8 Be8 46. Be6 Kh7 47. g5
fxg5 48. Bxe5 gxh4 49. Kh3 Bf7 50. Bd6 Qf6 51. Rf8 Qc3+ 52. Kg4 h5+ 53. Kxh4
Qf3 0-1

[Event "2BLO 1718 Nickelhütte Aue - SG AE Magde"]
[Site "?"]
[Date "2018.02.04"]
[Round "8.7"]
[White "Lopez-Rojas, Jeffrey"]
[Black "Langrock, Hannes"]
[Result "1/2-1/2"]
[WhiteElo "2160"]
[BlackElo "2394"]
[PlyCount "58"]
[EventDate "2018.??.??"]

1. d4 e6 2. c4 Nf6 3. Nf3 c5 4. d5 exd5 5. cxd5 d6 6. Nc3 g6 7. g3 Bg7 8. Bg2
O-O 9. O-O Re8 10. Bf4 Na6 11. Nd2 Nh5 12. Be3 Rxe3 13. fxe3 Qe7 14. Nc4 Bd7
15. a4 Nc7 16. e4 b5 17. axb5 Nxb5 18. e5 Bxe5 19. Nxe5 Qxe5 20. Nxb5 Bxb5 21.
Bf3 Nf6 22. Qd2 a6 23. Qf4 Re8 24. Qxe5 Rxe5 25. Rfd1 h5 26. Ra3 Kg7 27. Rd2
Nd7 28. e3 Nb6 29. Be2 Nxd5 {(=)} 1/2-1/2

[Event "2BLO 1718 Nickelhütte Aue - SG AE Magde"]
[Site "?"]
[Date "2018.02.04"]
[Round "8.8"]
[White "Eichner, Sebastian"]
[Black "Rafayevych, Vilen"]
[Result "1-0"]
[WhiteElo "2364"]
[BlackElo "2083"]
[PlyCount "61"]
[EventDate "2018.??.??"]

1. d4 Nf6 2. Nf3 c5 3. d5 b5 4. Bg5 Ne4 5. Bf4 Bb7 6. Qd3 f5 7. Nc3 c4 8. Qd4
Nxc3 9. bxc3 Qb6 10. Rb1 Qxd4 11. Nxd4 a6 12. e4 fxe4 13. Bxc4 g5 14. Bxg5 Rg8
15. Bf4 Rxg2 16. Bg3 e5 17. Nf5 Ra7 18. Bxe5 Nc6 19. dxc6 Bxc6 20. Ne3 Rg5 21.
Bd4 Ra8 22. Be2 Bd6 23. h4 Rg8 24. c4 bxc4 25. Bxc4 Rf8 26. Rg1 Be7 27. h5 Bh4
28. Rg2 d5 29. Bxd5 Bxd5 30. Nxd5 Rd8 31. c4 1-0